=LDR 00000nam 2200000 4500 =001 INLIS000000000026667 =005 20130612125108 =008 ***********************************ind** =035 ##$$0010-061300000026667 =041 ##$$a ind =082 ##$$a 413 =090 ##$$a 413, ART k =100 ##$$a Artmanda W., Frista =245 ##$$a Kamus lengkap bahasa Indonesia, Frista "Artmanda W =260 ##$$a [s.a] $b Jombang =300 ##$$a 1024 hlm., 26 cm =650 ##$$a Kamus bahasa indonesia =850 ##$$a NBPNMAT